[Event "EUYCC 2025 - U12"]
[Site "?"]
[Date "2025.08.20"]
[Round "2.18"]
[White "Reren, Alexis Miriam"]
[Black "Galia, Simon"]
[Result "1-0"]
[BlackElo "1478"]
[WhiteElo "1576"]
[LiveChessVersion "1.4.8"]

1. d4 {[%clk 1:30:48]} d5 {[%clk 1:30:44]} 2. c4 {[%clk 1:31:04]} e6
{[%clk 1:30:56]} 3. Nc3 {[%clk 1:31:14]} Nf6 {[%clk 1:31:01]} 4. e3
{[%clk 1:31:17]} Be7 {[%clk 1:30:36]} 5. Bd3 {[%clk 1:31:26]} Nbd7
{[%clk 1:30:07]} 6. Nf3 {[%clk 1:31:07]} b6 {[%clk 1:29:42]} 7. cxd5
{[%clk 1:30:54]} Nxd5 {[%clk 1:29:14]} 8. e4 {[%clk 1:29:12]} Nxc3
{[%clk 1:28:59]} 9. bxc3 {[%clk 1:29:26]} Bb7 {[%clk 1:28:57]} 10. O-O
{[%clk 1:26:49]} O-O {[%clk 1:28:35]} 11. e5 {[%clk 1:22:43]} c5 {[%clk 1:25:55]}
12. Bc2 {[%clk 1:14:34]} cxd4 {[%clk 1:24:59]} 13. cxd4 {[%clk 1:11:53]} Rc8
{[%clk 1:24:24]} 14. Qd3 {[%clk 1:10:25]} g6 {[%clk 1:23:22]} 15. Bh6
{[%clk 1:09:53]} Re8 {[%clk 1:21:57]} 16. Ba4 {[%clk 1:07:36]} Bf8
{[%clk 1:20:25]} 17. Bxf8 {[%clk 1:00:52]} Rxf8 {[%clk 1:19:33]} 18. Qe3
{[%clk 0:57:10]} Bxf3 {[%clk 1:17:43]} 19. Qxf3 {[%clk 0:56:01]} Rc4
{[%clk 1:15:56]} 20. Qd1 {[%clk 0:39:56]} Nb8 {[%clk 1:13:30]} 21. Bb3
{[%clk 0:37:13]} Rxd4 {[%clk 1:11:42]} 22. Qf3 {[%clk 0:36:47]} Qc7
{[%clk 1:08:33]} 23. Rfe1 {[%clk 0:32:26]} Rfd8 {[%clk 1:02:57]} 24. Rac1
{[%clk 0:31:25]} Qe7 {[%clk 0:59:41]} 25. h3 {[%clk 0:27:34]} Nd7
{[%clk 0:58:44]} 26. Rc7 {[%clk 0:24:28]} Nxe5 {[%clk 0:55:02]} 27. Rxe7
{[%clk 0:24:23]} Nxf3+ {[%clk 0:54:34]} 28. gxf3 {[%clk 0:24:45]} R4d7
{[%clk 0:54:01]} 29. Rxd7 {[%clk 0:24:27]} Rxd7 {[%clk 0:54:04]} 30. Rc1
{[%clk 0:24:17]} Kg7 {[%clk 0:52:03]} 31. Kf1 {[%clk 0:23:47]} g5
{[%clk 0:51:41]} 32. Ke2 {[%clk 0:23:48]} Kg6 {[%clk 0:50:06]} 33. Rg1
{[%clk 0:20:41]} f6 {[%clk 0:48:04]} 34. f4 {[%clk 0:20:25]} Rd4 {[%clk 0:45:46]}
35. fxg5 {[%clk 0:19:11]} fxg5 {[%clk 0:45:56]} 36. Ke3 {[%clk 0:19:23]} e5
{[%clk 0:44:36]} 37. Bc2+ {[%clk 0:18:31]} Kh6 {[%clk 0:44:08]} 38. Rg4
{[%clk 0:17:11]} Rd5 {[%clk 0:40:05]} 39. Rc4 {[%clk 0:13:03]} Rd7
{[%clk 0:37:48]} 40. Rc6+ {[%clk 0:12:25]} Kg7 {[%clk 0:36:47]} 41. Re6
{[%clk 0:11:03]} Rc7 {[%clk 0:34:57]} 42. Bd3 {[%clk 0:11:03]} Rf7
{[%clk 0:33:10]} 43. Rxe5 {[%clk 0:10:13]} Kh6 {[%clk 0:33:13]} 44. Rf5
{[%clk 0:08:55]} Re7+ {[%clk 0:31:16]} 45. Kd2 {[%clk 0:07:41]} Kh5
{[%clk 0:31:15]} 46. Rf6 {[%clk 0:06:45]} h6 {[%clk 0:30:20]} 47. Be2+
{[%clk 0:06:21]} g4 {[%clk 0:29:46]} 48. Bxg4+ {[%clk 0:06:33]} Kg5
{[%clk 0:29:56]} 49. Re6 {[%clk 0:06:26]} Rxe6 {[%clk 0:29:44]} 50. Bxe6
{[%clk 0:06:46]} Kf4 {[%clk 0:30:01]} 51. Ke2 {[%clk 0:06:42]} Ke4
{[%clk 0:29:10]} 52. f3+ {[%clk 0:06:56]} 1-0

[Event "EUYCC 2025 - U12"]
[Site "?"]
[Date "2025.08.21"]
[Round "3.1"]
[White "Bilochenko, Matvii"]
[Black "Lazars, Krisjanis"]
[Result "1/2-1/2"]
[BlackElo "1845"]
[WhiteElo "1972"]
[LiveChessVersion "1.4.8"]

1. c4 {[%clk 1:30:57]} c5 {[%clk 1:30:54]} 2. Nc3 {[%clk 1:31:16]} Nc6
{[%clk 1:31:18]} 3. Nf3 {[%clk 1:31:37]} e6 {[%clk 1:30:54]} 4. g3
{[%clk 1:28:17]} g6 {[%clk 1:31:10]} 5. d4 {[%clk 1:27:45]} cxd4 {[%clk 1:29:28]}
6. Nxd4 {[%clk 1:28:02]} a6 {[%clk 1:28:47]} 7. Bg2 {[%clk 1:26:34]} Bg7
{[%clk 1:28:35]} 8. Nc2 {[%clk 1:24:51]} Nge7 {[%clk 1:27:35]} 9. O-O
{[%clk 1:22:53]} O-O {[%clk 1:27:37]} 10. Rb1 {[%clk 1:09:31]} b6
{[%clk 1:17:15]} 11. Bf4 {[%clk 1:01:55]} Bb7 {[%clk 1:14:25]} 12. Qd2
{[%clk 0:57:44]} e5 {[%clk 1:03:46]} 13. Be3 {[%clk 0:53:01]} Na5
{[%clk 0:53:06]} 14. Bxb7 {[%clk 0:50:53]} Nxb7 {[%clk 0:53:33]} 15. Rfd1
{[%clk 0:40:04]} d6 {[%clk 0:53:18]} 16. Nb4 {[%clk 0:32:21]} f5 {[%clk 0:52:03]}
17. Nbd5 {[%clk 0:30:16]} Nc8 {[%clk 0:51:43]} 18. Na4 {[%clk 0:25:26]} Nc5
{[%clk 0:51:25]} 19. Bg5 {[%clk 0:18:24]} Ne4 {[%clk 0:45:14]} 20. Bxd8
{[%clk 0:18:35]} Nxd2 {[%clk 0:45:42]} 21. Rxd2 {[%clk 0:18:48]} Rxd8
{[%clk 0:46:10]} 22. Naxb6 {[%clk 0:18:43]} Nxb6 {[%clk 0:46:30]} 23. Nxb6
{[%clk 0:19:13]} Rab8 {[%clk 0:46:45]} 24. Nd5 {[%clk 0:18:37]} Kf7
{[%clk 0:46:40]} 25. Rbd1 {[%clk 0:18:00]} Rbc8 {[%clk 0:45:45]} 26. b3
{[%clk 0:17:51]} a5 {[%clk 0:45:20]} 27. Nc3 {[%clk 0:16:58]} Ke6
{[%clk 0:44:44]} 28. Rd5 {[%clk 0:16:10]} e4 {[%clk 0:43:44]} 29. Na4
{[%clk 0:15:20]} Ra8 {[%clk 0:42:13]} 30. Nc5+ {[%clk 0:14:09]} Ke7
{[%clk 0:42:17]} 31. Nb7 {[%clk 0:14:02]} Rd7 {[%clk 0:42:34]} 32. Nxd6
{[%clk 0:13:45]} Rad8 {[%clk 0:42:47]} 33. Nc8+ {[%clk 0:12:49]} Ke6
{[%clk 0:43:04]} 34. Nb6 {[%clk 0:12:48]} Rxd5 {[%clk 0:43:24]} 35. Nxd5
{[%clk 0:12:45]} Rc8 {[%clk 0:43:04]} 36. Kf1 {[%clk 0:12:43]} a4
{[%clk 0:43:26]} 37. Nb6 {[%clk 0:13:05]} axb3 {[%clk 0:43:47]} 38. axb3
{[%clk 0:12:44]} Rc7 {[%clk 0:43:18]} 39. Na4 {[%clk 0:10:28]} Bf8
{[%clk 0:43:29]} 40. e3 {[%clk 0:09:22]} Rb7 {[%clk 0:41:54]} 41. Rb1
{[%clk 0:08:58]} Bb4 {[%clk 0:42:09]} 42. Ke2 {[%clk 0:08:14]} g5
{[%clk 0:42:20]} 43. c5 {[%clk 0:03:11]} Rb5 {[%clk 0:41:50]} 44. Rc1
{[%clk 0:02:52]} Ba5 {[%clk 0:39:15]} 45. Rb1 {[%clk 0:01:42]} Bb4
{[%clk 0:39:26]} 46. Rc1 {[%clk 0:02:09]} Ba5 {[%clk 0:39:48]} 47. Rd1
{[%clk 0:01:22]} Rxb3 {[%clk 0:38:48]} 48. Rd6+ {[%clk 0:01:37]} Ke5
{[%clk 0:38:46]} 49. Ra6 {[%clk 0:01:46]} Bb4 {[%clk 0:37:19]} 50. Rb6
{[%clk 0:01:35]} h5 {[%clk 0:31:46]} 51. Rb7 {[%clk 0:01:27]} g4 {[%clk 0:31:57]}
52. c6 {[%clk 0:01:38]} Rb1 {[%clk 0:31:57]} 53. Nc3 {[%clk 0:01:13]} Rc1
{[%clk 0:31:17]} 54. Rxb4 {[%clk 0:00:39]} Rxc3 {[%clk 0:31:45]} 55. Rb5+
{[%clk 0:00:55]} Ke6 {[%clk 0:32:13]} 56. Rb6 {[%clk 0:00:40]} Ke5
{[%clk 0:32:05]} 57. Kd2 {[%clk 0:00:48]} Rc5 {[%clk 0:32:32]} 58. Ra6
{[%clk 0:01:07]} Kd5 {[%clk 0:32:35]} 59. Ra8 {[%clk 0:00:48]} Rxc6
{[%clk 0:32:54]} 60. Ra5+ {[%clk 0:00:39]} Ke6 {[%clk 0:33:00]} 61. Ra8
{[%clk 0:01:03]} Kf6 {[%clk 0:32:41]} 1/2-1/2

[Event "EUYCC 2025 - U12"]
[Site "?"]
[Date "2025.08.21"]
[Round "3.2"]
[White "Vanek, Martin"]
[Black "Rzadkowska, Lila"]
[Result "1/2-1/2"]
[BlackElo "1964"]
[WhiteElo "1791"]
[LiveChessVersion "1.4.8"]

1. d4 {[%clk 1:30:58]} Nf6 {[%clk 1:30:49]} 2. c4 {[%clk 1:31:24]} e6
{[%clk 1:31:13]} 3. Nf3 {[%clk 1:31:48]} d5 {[%clk 1:31:17]} 4. g3
{[%clk 1:32:02]} Bb4+ {[%clk 1:31:33]} 5. Bd2 {[%clk 1:32:02]} Be7
{[%clk 1:31:44]} 6. Bg2 {[%clk 1:32:19]} O-O {[%clk 1:31:55]} 7. O-O
{[%clk 1:32:40]} c6 {[%clk 1:31:38]} 8. Qc2 {[%clk 1:32:43]} Nbd7
{[%clk 1:32:05]} 9. Bf4 {[%clk 1:32:55]} Nh5 {[%clk 1:25:55]} 10. Bc1
{[%clk 1:29:00]} b6 {[%clk 1:22:02]} 11. Nbd2 {[%clk 1:28:48]} a5
{[%clk 1:20:20]} 12. a4 {[%clk 1:23:30]} Ba6 {[%clk 1:18:56]} 13. b3
{[%clk 1:22:44]} Rc8 {[%clk 1:16:05]} 14. Bb2 {[%clk 1:21:03]} Nhf6
{[%clk 1:14:46]} 15. Rfd1 {[%clk 1:17:58]} c5 {[%clk 1:13:27]} 16. Rac1 Qc7
{[%clk 1:07:45]} 17. e4 {[%clk 1:04:51]} cxd4 {[%clk 1:00:31]} 18. Nxd4
{[%clk 1:02:45]} Bc5 {[%clk 0:52:17]} 19. cxd5 {[%clk 0:53:18]} e5
{[%clk 0:51:13]} 20. Nc6 {[%clk 0:51:56]} Ng4 {[%clk 0:44:57]} 21. Ne7+
{[%clk 0:41:20]} Kh8 {[%clk 0:44:30]} 22. Nxc8 {[%clk 0:40:28]} Rxc8
{[%clk 0:33:08]} 23. Nc4 {[%clk 0:37:44]} Nxf2 {[%clk 0:31:20]} 24. Rf1
{[%clk 0:35:49]} Nd3+ {[%clk 0:30:19]} 25. Kh1 {[%clk 0:35:56]} Nxc1
{[%clk 0:29:44]} 26. Qxc1 {[%clk 0:35:42]} f6 {[%clk 0:28:09]} 27. Bh3
{[%clk 0:31:47]} Qb7 {[%clk 0:23:20]} 28. Ba3 {[%clk 0:23:32]} h6
{[%clk 0:18:56]} 29. Bxc5 {[%clk 0:11:49]} Rxc5 {[%clk 0:17:35]} 30. Qc2
{[%clk 0:07:05]} Qc7 {[%clk 0:16:03]} 31. Rc1 {[%clk 0:07:03]} Bxc4
{[%clk 0:14:33]} 32. bxc4 {[%clk 0:07:27]} Nb8 {[%clk 0:11:10]} 33. Qb3
{[%clk 0:06:16]} Na6 {[%clk 0:11:16]} 34. Rc3 {[%clk 0:05:19]} Qd6
{[%clk 0:10:39]} 35. Bf5 {[%clk 0:05:11]} Qc7 {[%clk 0:08:28]} 36. Kg2
{[%clk 0:04:47]} Nb8 {[%clk 0:07:31]} 37. Kf2 {[%clk 0:04:44]} Kg8
{[%clk 0:07:22]} 1/2-1/2

[Event "EUYCC 2025 - U12"]
[Site "?"]
[Date "2025.08.21"]
[Round "3.3"]
[White "Temirbek, Amirali"]
[Black "Pasca, Alexandru-Daniel"]
[Result "1/2-1/2"]
[BlackElo "1873"]
[WhiteElo "1773"]
[LiveChessVersion "1.4.8"]

1. d4 {[%clk 1:30:57]} d5 {[%clk 1:30:57]} 2. c4 {[%clk 1:31:15]} e6
{[%clk 1:31:23]} 3. Nf3 {[%clk 1:31:40]} a6 {[%clk 1:31:36]} 4. g3
{[%clk 1:30:19]} Nf6 {[%clk 1:27:34]} 5. Bg2 {[%clk 1:30:39]} Be7
{[%clk 1:25:15]} 6. O-O {[%clk 1:30:02]} O-O {[%clk 1:21:59]} 7. a4
{[%clk 1:30:24]} Nbd7 {[%clk 1:18:53]} 8. Qc2 {[%clk 1:30:36]} dxc4 9. Qxc4
{[%clk 1:30:51]} c5 {[%clk 1:14:05]} 10. Rd1 {[%clk 1:29:13]} Nb6
{[%clk 1:06:04]} 11. Qc2 {[%clk 1:29:32]} Nbd5 {[%clk 1:04:35]} 12. dxc5
{[%clk 1:27:58]} Qc7 {[%clk 0:59:51]} 13. c6 {[%clk 1:21:39]} Bd7
{[%clk 0:52:07]} 14. e4 {[%clk 1:14:48]} Nb4 {[%clk 0:51:06]} 15. Qb3
{[%clk 1:15:14]} Bxc6 {[%clk 0:45:30]} 16. Bf4 {[%clk 1:15:10]} Qa5
{[%clk 0:37:06]} 17. Nc3 {[%clk 1:11:19]} Nxe4 {[%clk 0:28:33]} 18. Nxe4
{[%clk 1:11:38]} Bxe4 {[%clk 0:28:56]} 19. Rd7 {[%clk 1:12:02]} Bd5
{[%clk 0:20:17]} 20. Qd1 {[%clk 1:07:36]} Bc5 {[%clk 0:13:47]} 21. Bc7
{[%clk 1:06:22]} Bb6 {[%clk 0:13:52]} 22. Ng5 {[%clk 1:00:09]} Bxg2
{[%clk 0:12:25]} 23. Qh5 {[%clk 0:59:22]} h6 {[%clk 0:12:08]} 24. Bxb6
{[%clk 0:59:37]} Qxg5 25. Qxg5 hxg5 {[%clk 0:10:25]} 26. Kxg2 {[%clk 0:59:55]}
Nd5 {[%clk 0:07:18]} 27. a5 {[%clk 1:00:19]} Rfc8 {[%clk 0:04:21]} 28. Rxb7
{[%clk 0:57:40]} Rcb8 {[%clk 0:04:14]} 29. Rxb8+ {[%clk 0:57:35]} Rxb8
{[%clk 0:04:39]} 30. Bd4 {[%clk 0:57:52]} Rb4 {[%clk 0:04:42]} 31. Bc3
{[%clk 0:54:28]} Rb5 {[%clk 0:03:12]} 32. Kf3 {[%clk 0:52:58]} Nxc3
{[%clk 0:02:15]} 33. bxc3 {[%clk 0:53:21]} Rb3 {[%clk 0:02:41]} 34. Rc1
{[%clk 0:53:43]} Ra3 {[%clk 0:02:04]} 35. Ke4 {[%clk 0:53:16]} Rxa5
{[%clk 0:02:04]} 36. c4 {[%clk 0:53:23]} Rc5 {[%clk 0:02:11]} 37. Kd4
{[%clk 0:53:45]} Rc6 {[%clk 0:01:52]} 38. Ra1 {[%clk 0:51:27]} Kf8
{[%clk 0:02:08]} 39. Ra5 {[%clk 0:51:51]} f6 {[%clk 0:01:32]} 40. Rc5
{[%clk 0:50:56]} Rd6+ {[%clk 0:01:15]} 41. Kc3 {[%clk 0:51:18]} Ke7
{[%clk 0:01:21]} 42. Rc7+ {[%clk 0:51:31]} Rd7 {[%clk 0:01:47]} 43. Rc6
{[%clk 0:51:53]} Rd6 {[%clk 0:02:09]} 44. Rc7+ {[%clk 0:52:14]} Rd7
{[%clk 0:02:34]} 1/2-1/2

[Event "EUYCC 2025 - U12"]
[Site "?"]
[Date "2025.08.21"]
[Round "3.4"]
[White "Konstantinides, Savvas"]
[Black "Cieslar, Nikodem"]
[Result "1/2-1/2"]
[BlackElo "1786"]
[WhiteElo "1864"]
[LiveChessVersion "1.4.8"]

1. e4 {[%clk 1:30:58]} e5 {[%clk 1:30:57]} 2. Nf3 {[%clk 1:31:24]} Nc6
{[%clk 1:31:22]} 3. Bb5 {[%clk 1:31:50]} a6 {[%clk 1:31:41]} 4. Ba4
{[%clk 1:32:15]} Nf6 {[%clk 1:32:06]} 5. O-O {[%clk 1:32:38]} Be7
{[%clk 1:32:27]} 6. Re1 {[%clk 1:33:01]} b5 {[%clk 1:32:42]} 7. Bb3
{[%clk 1:33:26]} O-O {[%clk 1:33:07]} 8. a4 {[%clk 1:33:29]} Bb7 {[%clk 1:29:52]}
9. d3 {[%clk 1:33:39]} d6 {[%clk 1:27:16]} 10. Nbd2 {[%clk 1:33:17]} Nd7
{[%clk 1:23:13]} 11. axb5 {[%clk 1:29:41]} axb5 {[%clk 1:23:33]} 12. Rxa8
{[%clk 1:30:03]} Qxa8 {[%clk 1:23:22]} 13. c3 {[%clk 1:28:48]} b4
{[%clk 1:22:41]} 14. Nf1 {[%clk 1:27:18]} Bf6 {[%clk 1:19:14]} 15. Ne3
{[%clk 1:23:39]} bxc3 {[%clk 1:16:32]} 16. bxc3 {[%clk 1:22:55]} Ne7
{[%clk 1:16:41]} 17. Ng4 {[%clk 1:22:08]} Ng6 {[%clk 1:12:33]} 18. Nxf6+
{[%clk 1:03:09]} Nxf6 {[%clk 1:12:52]} 19. Bg5 {[%clk 1:03:13]} Nd7
{[%clk 1:08:35]} 20. h4 {[%clk 1:00:25]} h6 {[%clk 1:04:40]} 21. h5
{[%clk 0:57:32]} Nh8 {[%clk 1:01:32]} 22. Be3 {[%clk 0:54:31]} Qd8
{[%clk 0:59:07]} 23. g3 {[%clk 0:46:59]} d5 {[%clk 0:54:24]} 24. Bxd5
{[%clk 0:39:18]} Bxd5 {[%clk 0:54:48]} 25. exd5 {[%clk 0:39:43]} f5
{[%clk 0:55:12]} 26. Bc1 {[%clk 0:38:55]} Qf6 {[%clk 0:53:50]} 27. Qa4
{[%clk 0:38:13]} Rd8 {[%clk 0:50:54]} 28. Qc6 {[%clk 0:36:00]} Qd6
{[%clk 0:50:52]} 29. d4 {[%clk 0:31:22]} Nf7 {[%clk 0:47:45]} 30. Qxd6
{[%clk 0:29:44]} cxd6 {[%clk 0:47:37]} 31. dxe5 {[%clk 0:29:05]} Nfxe5
{[%clk 0:46:45]} 32. Nxe5 {[%clk 0:29:11]} Nxe5 {[%clk 0:46:59]} 33. Kg2
{[%clk 0:27:49]} Rc8 {[%clk 0:45:54]} 34. Ba3 {[%clk 0:25:41]} Nc4
{[%clk 0:40:55]} 35. Bb4 {[%clk 0:25:45]} Kf7 {[%clk 0:41:16]} 36. Ra1
{[%clk 0:23:57]} Kf6 {[%clk 0:38:50]} 37. Ra7 {[%clk 0:21:26]} Nb6
{[%clk 0:32:06]} 38. Ra6 {[%clk 0:20:35]} Nxd5 {[%clk 0:31:46]} 39. Rxd6+
{[%clk 0:20:39]} Ke5 {[%clk 0:32:05]} 40. Rd7 {[%clk 0:20:21]} f4
{[%clk 0:27:46]} 41. Rxg7 {[%clk 0:19:10]} fxg3 {[%clk 0:26:46]} 42. fxg3
{[%clk 0:19:30]} Nxc3 {[%clk 0:26:51]} 43. Bxc3+ {[%clk 0:18:18]} Rxc3
{[%clk 0:27:14]} 44. Rg6 {[%clk 0:18:43]} Kf5 {[%clk 0:27:37]} 45. Rxh6
{[%clk 0:19:08]} Kg4 {[%clk 0:27:42]} 46. Kf2 {[%clk 0:18:47]} Rc2+
{[%clk 0:27:17]} 47. Ke3 {[%clk 0:16:58]} Kxg3 {[%clk 0:27:14]} 48. Rg6+
{[%clk 0:17:20]} Kh4 {[%clk 0:27:36]} 49. h6 {[%clk 0:17:45]} Rc8
{[%clk 0:27:49]} 50. h7 {[%clk 0:16:59]} Rh8 {[%clk 0:28:08]} 51. Rg1
{[%clk 0:17:11]} Kh5 {[%clk 0:28:17]} 52. Kf4 {[%clk 0:16:46]} Rxh7
{[%clk 0:28:20]} 53. Rh1+ {[%clk 0:17:05]} 1/2-1/2

[Event "EUYCC 2025 - U12"]
[Site "?"]
[Date "2025.08.21"]
[Round "3.5"]
[White "Bogomolnikova, Zlata"]
[Black "Strekalovs, Ernests"]
[Result "1/2-1/2"]
[BlackElo "1683"]
[WhiteElo "1798"]
[LiveChessVersion "1.4.8"]

1. d4 {[%clk 1:30:57]} Nf6 {[%clk 1:30:55]} 2. c4 {[%clk 1:31:19]} e6
{[%clk 1:31:21]} 3. Nc3 {[%clk 1:31:38]} Bb4 {[%clk 1:31:42]} 4. Qb3
{[%clk 1:31:34]} Bxc3+ {[%clk 1:31:25]} 5. Qxc3 {[%clk 1:31:54]} O-O
{[%clk 1:31:41]} 6. Nf3 {[%clk 1:28:51]} b6 {[%clk 1:31:23]} 7. Bg5
{[%clk 1:22:37]} Bb7 {[%clk 1:30:07]} 8. e3 {[%clk 1:21:54]} h6 {[%clk 1:30:08]}
9. Bh4 {[%clk 1:21:00]} d6 {[%clk 1:29:14]} 10. Be2 {[%clk 1:20:49]} c5
{[%clk 1:29:22]} 11. dxc5 {[%clk 1:20:15]} dxc5 {[%clk 1:29:39]} 12. Rd1
{[%clk 1:19:40]} Qe7 {[%clk 1:29:57]} 13. O-O {[%clk 1:17:59]} Nc6
{[%clk 1:28:40]} 14. a3 {[%clk 1:10:45]} Rad8 {[%clk 1:25:47]} 15. Bd3
{[%clk 1:02:20]} e5 {[%clk 1:20:57]} 16. Bb1 {[%clk 0:59:01]} Qe6
{[%clk 1:13:16]} 17. Qc2 {[%clk 0:50:21]} g6 {[%clk 1:12:32]} 18. Qc3
{[%clk 0:40:39]} Kg7 {[%clk 1:06:32]} 19. b4 {[%clk 0:37:27]} Rxd1
{[%clk 1:05:23]} 20. Rxd1 {[%clk 0:34:56]} Re8 {[%clk 1:00:36]} 21. Bg3
{[%clk 0:21:17]} Nh5 {[%clk 0:55:20]} 22. Be4 {[%clk 0:14:44]} Nxg3
{[%clk 0:55:21]} 23. hxg3 {[%clk 0:14:55]} f5 {[%clk 0:54:28]} 24. Bd5
{[%clk 0:13:14]} Qf6 {[%clk 0:54:18]} 25. b5 {[%clk 0:13:05]} Na5
{[%clk 0:53:02]} 26. Bxb7 {[%clk 0:13:29]} Nxb7 {[%clk 0:53:26]} 27. Rd7+
{[%clk 0:13:30]} Re7 {[%clk 0:53:12]} 28. Rxe7+ {[%clk 0:13:34]} Qxe7
{[%clk 0:53:37]} 29. Nxe5 {[%clk 0:13:42]} Qf6 {[%clk 0:53:42]} 30. f4
{[%clk 0:13:30]} Nd6 {[%clk 0:53:45]} 31. Qd3 {[%clk 0:13:10]} h5
{[%clk 0:52:19]} 32. Qd5 h4 {[%clk 0:50:35]} 33. g4 {[%clk 0:11:06]} fxg4
{[%clk 0:49:49]} 34. Nxg4 {[%clk 0:10:57]} Qc3 {[%clk 0:37:52]} 35. Kf2
{[%clk 0:10:14]} Ne4+ {[%clk 0:34:29]} 36. Qxe4 {[%clk 0:03:05]} 1/2-1/2

[Event "EUYCC 2025 - U12"]
[Site "?"]
[Date "2025.08.21"]
[Round "3.6"]
[White "Ganea, Yanis-Andrei"]
[Black "Reren, Alexis Miriam"]
[Result "1-0"]
[BlackElo "1576"]
[WhiteElo "1917"]
[LiveChessVersion "1.4.8"]

1. e4 {[%clk 1:30:57]} c5 {[%clk 1:30:50]} 2. Nf3 {[%clk 1:31:19]} d6
{[%clk 1:30:59]} 3. c3 {[%clk 1:31:38]} Nf6 {[%clk 1:30:25]} 4. Be2
{[%clk 1:31:53]} g6 {[%clk 1:29:23]} 5. O-O {[%clk 1:31:27]} Bg7 {[%clk 1:28:43]}
6. Bb5+ {[%clk 1:30:37]} Bd7 {[%clk 1:24:16]} 7. Bxd7+ {[%clk 1:30:40]} Nbxd7
{[%clk 1:23:59]} 8. Qe2 {[%clk 1:29:52]} O-O {[%clk 1:19:48]} 9. d4
{[%clk 1:30:07]} e6 {[%clk 1:13:55]} 10. Bf4 {[%clk 1:27:59]} Qe7
{[%clk 1:09:00]} 11. Nbd2 {[%clk 1:22:52]} Rfd8 {[%clk 1:02:14]} 12. Nc4
{[%clk 1:14:28]} Ne8 {[%clk 1:00:44]} 13. Rfd1 {[%clk 1:00:26]} a6
{[%clk 0:47:22]} 14. e5 {[%clk 0:59:39]} dxe5 {[%clk 0:36:57]} 15. dxe5
{[%clk 0:59:49]} h6 {[%clk 0:36:25]} 16. Qe4 {[%clk 0:48:08]} Nf8
{[%clk 0:20:00]} 17. Nd6 {[%clk 0:47:46]} b5 {[%clk 0:16:23]} 18. Rd2
{[%clk 0:46:23]} Ra7 {[%clk 0:12:45]} 19. Rad1 {[%clk 0:45:21]} Raa8
{[%clk 0:09:10]} 20. Qc6 {[%clk 0:41:18]} Qc7 {[%clk 0:06:51]} 21. Qxc7
{[%clk 0:39:42]} Nxc7 {[%clk 0:07:13]} 22. Be3 {[%clk 0:40:03]} c4
{[%clk 0:05:05]} 23. Bb6 {[%clk 0:40:25]} Rd7 {[%clk 0:05:11]} 24. Bc5
{[%clk 0:38:33]} Nd5 {[%clk 0:05:03]} 25. a4 {[%clk 0:38:48]} Rb8
{[%clk 0:03:39]} 26. Re1 {[%clk 0:36:30]} Nf4 {[%clk 0:03:18]} 27. Ba3
{[%clk 0:35:43]} Nd3 {[%clk 0:03:00]} 28. Ree2 {[%clk 0:31:59]} g5
{[%clk 0:02:32]} 29. h3 {[%clk 0:32:19]} Ng6 {[%clk 0:02:40]} 30. b3
{[%clk 0:31:19]} Ndxe5 {[%clk 0:01:43]} 31. Nxe5 {[%clk 0:29:46]} Bxe5
{[%clk 0:01:58]} 32. axb5 {[%clk 0:22:42]} axb5 {[%clk 0:01:30]} 33. bxc4
{[%clk 0:22:53]} bxc4 {[%clk 0:01:48]} 34. Bb4 {[%clk 0:22:42]} Rbd8
{[%clk 0:01:15]} 35. Nxc4 {[%clk 0:22:35]} Bf4 {[%clk 0:01:04]} 36. Rxd7
{[%clk 0:22:30]} Rxd7 {[%clk 0:01:19]} 37. g3 {[%clk 0:22:54]} Bc7
{[%clk 0:01:21]} 38. Kg2 {[%clk 0:22:07]} Ne7 {[%clk 0:01:28]} 39. Kf3
{[%clk 0:17:46]} Nd5 {[%clk 0:01:37]} 40. Rd2 {[%clk 0:18:02]} Rd8
{[%clk 0:01:38]} 41. Rc2 {[%clk 0:15:54]} Rb8 {[%clk 0:01:25]} 42. Rb2
{[%clk 0:15:01]} Rd8 {[%clk 0:01:42]} 43. Ke2 {[%clk 0:14:36]} Kg7
{[%clk 0:01:44]} 44. Rc2 {[%clk 0:14:46]} Rc8 {[%clk 0:00:58]} 45. Ne3
{[%clk 0:14:20]} Nxe3 {[%clk 0:00:41]} 46. Kxe3 {[%clk 0:14:41]} Kf6
{[%clk 0:00:58]} 47. Ke4 {[%clk 0:14:28]} e5 {[%clk 0:00:50]} 48. c4
{[%clk 0:14:01]} Ke6 {[%clk 0:01:02]} 49. g4 {[%clk 0:14:30]} Rb8
{[%clk 0:01:08]} 50. Rb2 {[%clk 0:10:37]} Rd8 {[%clk 0:01:04]} 51. Bc3
{[%clk 0:10:46]} Bd6 {[%clk 0:01:03]} 52. Rb6 {[%clk 0:09:48]} Rc8
{[%clk 0:00:54]} 53. Kd3 {[%clk 0:10:07]} Ke7 {[%clk 0:00:52]} 54. Rb5
{[%clk 0:10:19]} Ke6 {[%clk 0:01:04]} 55. f3 {[%clk 0:10:05]} Bc5
{[%clk 0:00:53]} 56. Ba5 {[%clk 0:10:04]} Rc6 {[%clk 0:00:56]} 57. Kc3
{[%clk 0:09:48]} Bd4+ {[%clk 0:00:55]} 58. Kb3 {[%clk 0:09:58]} Bc5
{[%clk 0:00:53]} 59. Bc3 {[%clk 0:07:43]} Bd6 {[%clk 0:00:41]} 60. Bb4
{[%clk 0:05:54]} Bxb4 {[%clk 0:00:40]} 61. Kxb4 {[%clk 0:06:21]} f6
{[%clk 0:00:38]} 62. c5 {[%clk 0:05:16]} Kd5 {[%clk 0:00:43]} 63. Rb8
{[%clk 0:05:41]} Kd4 {[%clk 0:00:51]} 64. Rd8+ {[%clk 0:05:04]} Ke3
{[%clk 0:01:03]} 65. Rd6 {[%clk 0:05:29]} Rc8 {[%clk 0:00:42]} 66. Rxf6
{[%clk 0:05:50]} Kd4 {[%clk 0:00:42]} 67. Rd6+ {[%clk 0:05:36]} Ke3
{[%clk 0:00:53]} 68. Rd5 {[%clk 0:05:51]} Kf4 {[%clk 0:00:58]} 69. Kc4
{[%clk 0:05:47]} Re8 {[%clk 0:00:58]} 70. Rd3 {[%clk 0:06:00]} Kg3
{[%clk 0:00:45]} 71. c6 {[%clk 0:06:13]} Rc8 {[%clk 0:00:34]} 72. Kc5
{[%clk 0:06:37]} Kf4 {[%clk 0:00:52]} 73. Kb6 {[%clk 0:06:54]} 1-0